Význam a dôležitosť prvku Corporate Network v organizácií bakalárska práca

Na minha lista:
Detalhes bibliográficos
Autor principal: Horváthová, Michaela
Autor Corporativo: Obchodná fakulta EU. Katedra medzinárodného obchodu
Outros Autores: Šprochová, Lenka
Formato: Livro
Idioma:eslovaco
Publicado em: Bratislava 2015
Tags: Adicionar Tag
Sem tags, seja o primeiro a adicionar uma tag!

MARC

LEADER 00000nbm a2200000 4500
001 0203158
005 20170104140830.1
041 0 |a slo 
044 |a SK 
245 1 0 |a Význam a dôležitosť prvku Corporate Network v organizácií  |b bakalárska práca  |c Michaela Horváthová ; školiteľ: Lenka Šprochová 
264 1 |a Bratislava  |c 2015 
300 |a 42 s. 
100 1 |a Horváthová, Michaela 
700 1 |a Šprochová, Lenka 
710 2 |a Obchodná fakulta EU. Katedra medzinárodného obchodu